00665nam a2200241 a 4500001001300000003000900013005001700022008004100039020001000080082001600090100001600106245002800122260004900150300000900199500003500208505001800243650002200261700001600283902000800299942000700307952009400314999001500408nice12345678IN_TiNIC20260116011546.0050524s1915 mica grp 000 0 eng  ac10000a269.2bZWE4 aZwemer, S M aCross Above the Cresent aMichigan bZondervan Publishing House c1915 a292p aincludes index and biblioraphy2 aIndex, Illus. aEvangelistic Work1 aZwemer, S M bSRS cBK 00104070aHMIbHMId2007-07-16g100.00l0o269.2 ZWE4p623r2007-07-16w2026-01-16yEB c2612d2612